000 00880nmm a2200277 a 4500
001 ocm000651459
003 TR-IsHL
005 20201028142626.0
008 140104s2010 tu tur
007 cr cn
020 _a9789944159920
035 _a651459
_b(N$T)
050 0 4 _aPH355.H3744
_bK7 2010
090 0 4 _aPH355.H3744
_bK7 2010
100 1 _aHassinen, Pirjo
245 1 0 _aKral parkı
_h[electronic resource] /
_cPirjo Hassinen ; çev. Tulan Yanardağ
260 _aİstanbul :
_bAnemon Yayınları,
_c2010
300 _a400 p.
650 4 _aDil ve Edebiyat
650 4 _aLanguage and Literature
650 0 _aFin romanı
650 0 _aFun fiction
650 7 _aLITERARY COLLECTIONS / European / Scandinavian
_2bisacsh
700 1 _aYanardağ, Tulan
856 4 0 _uhttp://search.ebscohost.com/login.aspx?direct=true&scope=site&db=e011xww&AN=651459
999 _c8455
_d8455